[Event "Tourn. n8704"]
[Site "www.chess-mail.com"]
[Date "2016.06.02"]
[Round "1"]
[White "Emiondi"]
[Black "Milkyway"]
[WhiteElo "2260"]
[BlackElo "2269"]
[Result "0-1"]
[Round "1"]
1.d4 f5
2.c4 Ng8f6
3.Nb1c3 g6
4.g3 Bf8g7
5.Bf1g2 O-O
6.Ng1f3 d6
7.O-O c6
8.d5 h6
9.Nf3d4 c5
10.Nd4e6 Bc8xe6
11.dxe6 Nb8c6
12.e4 fxe4
13.Nc3xe4 Nf6xe4
14.Bg2xe4 Rf8f6
15.Be4d5 Qd8c7
16.Ra1b1 Nc6d4
17.Bc1e3 Nd4f5
18.Qd1d2 Nf5xe3
19.Qd2xe3 Ra8f8
20.b3 b6
21.f4 g5
22.fxg5 Rf6xf1
23.Rb1xf1 Bg7d4
{ resign }
0-1

[Event "Tourn. n8697"]
[Site "www.chess-mail.com"]
[Date "2016.06.02"]
[Round "1"]
[White "Sargentoabel"]
[Black "Sorren"]
[WhiteElo "1809"]
[BlackElo "1860"]
[Result "1-0"]
[Round "1"]
1.e4 e5
2.Ng1f3 Nb8c6
3.Bf1b5 a6
4.Bb5a4 Ng8f6
5.O-O b5
6.Ba4b3 Bf8e7
7.Rf1e1 O-O
8.c3 d6
9.h3 Nc6a5
10.Bb3c2 c5
11.d4 Bc8b7
12.d5 Bb7c8
13.Nb1d2 Ra8b8
14.b3 Bc8d7
15.Nd2f1 c4
16.b4 Na5b7
17.a4 Rb8a8
18.Nf1g3 Rf8e8
19.Bc1e3 Ra8c8
20.axb5 axb5
21.Ra1a7 Qd8c7
22.Qd1e2 Rc8a8
23.Re1a1 Ra8xa7
24.Ra1xa7 Re8b8
25.Bc2d1  { time }
1-0

[Event "Tourn. n8717"]
[Site "www.chess-mail.com"]
[Date "2016.06.02"]
[Round "1"]
[White "Blackpool"]
[Black "Hundegana"]
[WhiteElo "1740"]
[BlackElo "1880"]
[Result "0-1"]
[Round "1"]
1.Ng1f3 d5
2.d4 f5
3.g3 g6
4.Bf1g2 Bf8g7
5.O-O Ng8f6
6.Nf3e5 c6
7.c4 e6
8.b3 O-O
9.Bc1b2 Nb8d7
10.Ne5xd7 Bc8xd7
11.Nb1d2 h6
12.c5 b6
13.b4 bxc5
14.bxc5 Ra8b8
15.Bb2c3 Qd8c7
16.Qd1c2 Kh7
17.Ra1b1 Rb8xb1
18.Rf1xb1 Rf8b8
19.Rb1xb8 Qc7xb8
20.h3 Bd7c8
21.Nd2b3 Bc8a6
22.e3 h5
23.Nb3a5 Qb8c7
24.Bg2f1 Ba6xf1
25.Kxf1 Nf6e4
26.Bc3b4 g5
27.Na5b3 Kh6
28.Kg2 { time. }
0-1

[Event "Tourn. n8788"]
[Site "www.chess-mail.com"]
[Date "2016.06.02"]
[Round "1"]
[White "Julian"]
[Black "1xdia"]
[WhiteElo "2050"]
[BlackElo "2080"]
[Result "1-0"]
[Round "1"]
1.e4 c6
2.d4 d5
3.e5 Bc8f5
4.g4 Bf5e4
5.f3 Be4g6
6.Bf1d3 Qd8b6
7.c3 e6
8.h4 h5
9.Ng1e2 Bf8e7
10.Nb1d2 hxg4
11.fxg4 Bg6xd3
12.Ne2g3 Rh8xh4
13.Rh1xh4 Be7xh4
14.Kf2 Nb8d7
15.Nd2f3 Bh4xg3
16.Kxg3 Bd3e4
17.Nf3g5 Ng8e7
18.Qd1f1 f6
19.Ng5xe6 { resign }
1-0

[Event "Tourn. n8669"]
[Site "www.chess-mail.com"]
[Date "2016.06.02"]
[Round "1"]
[White "Seger"]
[Black "Ejner"]
[WhiteElo "2720"]
[BlackElo "2249"]
[Result "1/2-1/2"]
[Round "1"]
1.e4 c5
2.Ng1f3 e6
3.c4 Nb8c6
4.d4 cxd4
5.Nf3xd4 Ng8f6
6.Nb1c3 Bf8b4
7.Nd4xc6 bxc6
8.Bf1d3 e5
9.O-O O-O
10.Bc1e3 Bb4xc3
11.bxc3 d6
12.c5 d5
13.exd5 Nf6xd5
14.Be3d2 Nd5e7
15.Qd1c2 Bc8f5
16.Bd3xf5 Ne7xf5
17.Qc2xf5 Qd8xd2
18.Qf5xe5 Rf8e8
19.Qe5d6 Qd2xc3
20.Qd6xc6 Ra8c8
21.Ra1c1 Rc8xc6
22.Rc1xc3 Re8e5
23.Rf1c1 g5
24.h4 h6
25.Kh2 a5
26.Kg3 Kg7
27.f4 gxf4
28.Kxf4 f6
29.Rc3c4 Kf7
30.g4 Kg6
31.Rc4c3 Kf7
32.Rc3c2 Ke6
33.Rc2c4 Kf7
34.Rc1c3 Kf8
35.Rc3c2 Kf7
36.Kf3 Kg7
37.Kg3 Kf7
38.Kf4 { draw }
1/2-1/2

[Event "Tourn. n8780"]
[Site "www.chess-mail.com"]
[Date "2016.06.02"]
[Round "1"]
[White "Masterchess"]
[Black "Jesmantiz"]
[WhiteElo "1800"]
[BlackElo "1900"]
[Result "0-1"]
[Round "1"]
1.d4 f5
2.e4 d6
3.exf5 Bc8xf5
4.Ng1f3 g6
5.Bf1d3 Bf5xd3
6.Qd1xd3 Ng8f6
7.O-O Bf8g7
8.c3 O-O
9.Rf1e1 { time. }
0-1

[Event "Tourn. n8667"]
[Site "www.chess-mail.com"]
[Date "2016.06.02"]
[Round "1"]
[White "Tonino1"]
[Black "Numanoid"]
[WhiteElo "2200"]
[BlackElo "2470"]
[Result "0-1"]
[Round "1"]
1.d4 Ng8f6
2.Ng1f3 d5
3.e3 Bc8g4
4.Bf1d3 e6
5.b3 Nb8d7
6.Bc1b2 Bf8d6
7.Nb1d2 c6
8.O-O Qd8e7
9.h3 Bg4h5
10.g4 Bh5g6
11.Bd3xg6 hxg6
12.Kg2 Nf6e4
13.Nd2xe4 dxe4
14.Nf3d2 f5
15.c4 Nd7f6
16.c5 Bd6c7
17.Nd2c4 O-O-O
18.Bb2a3 fxg4
19.Nc4d6 Rd8xd6
20.cxd6 gxh3
21.Kh1 Bc7xd6
22.Ba3xd6 Qe7xd6
23.Ra1c1 g5
24.Rc1c5 g4
25.Rf1g1 Rh8h7
26.Qd1c2 Kc7
27.b4 b6
28.Rc5g5 Qd6xb4
29.Rg5g6 Qb4b5
30.Rg6xf6 gxf6
31.Qc2xe4 Qb5d5
32.Rg1xg4 Qd5xe4
33.Rg4xe4 Kd6
34.Kh2 Kd5
35.f3 b5
36.a3 a5
 { time }
0-1

[Event "Tourn. n8644"]
[Site "www.chess-mail.com"]
[Date "2016.06.02"]
[Round "1"]
[White "Pimax"]
[Black "Goofy"]
[WhiteElo "2310"]
[BlackElo "2300"]
[Result "1-0"]
[Round "1"]
1.d4 Ng8f6
2.c4 c5
3.d5 e5
4.Nb1c3 d6
5.e4 Bf8e7
6.Ng1f3 Nb8d7
7.Qd1c2 O-O
8.Bf1e2 Nf6e8
9.O-O g6
10.Bc1h6 Ne8g7
11.Ra1b1 a6
12.Qc2d2 Nd7f6
13.Rf1d1 Nf6g4
14.Bh6xg7 Kxg7
15.h3 Ng4h6
16.b4 b6
17.bxc5 bxc5
18.Nc3a4 f5
19.Na4b6 Ra8b8
20.Nb6xc8 Rb8xb1
21.Rd1xb1 Qd8xc8
22.Be2d3 fxe4
23.Bd3xe4 Nh6f5
24.Rb1b6 Nf5d4
25.Nf3xd4 exd4
26.f3 Rf8f6
27.Qd2a5 Be7d8
28.Qa5xa6 Qc8xa6
29.Rb6xa6 Bd8c7
30.g4 Kh6
31.h4 Rf6f7
32.a4 Kg7
33.a5 Kf6
34.Ra6a8 Rf7e7
35.g5 Kf7
36.a6 Bc7b6
37.Ra8h8 Kg7
38.Rh8b8 Bb6a5
39.f4 Re7a7
40.Rb8b7 Ra7xb7
41.axb7 Ba5c7
42.Be4c2 Kf7
43.f5 gxf5
44.Bc2xf5 Kg7
45.h5 h6
46.g6 Kf6
47.Bf5e4 Bc7b8
48.Kf2 Bb8c7
49.Ke2 Bc7b8
50.Kd2 { resign }
1-0

[Event "Tourn. n8770"]
[Site "www.chess-mail.com"]
[Date "2016.06.02"]
[Round "1"]
[White "Grimsby"]
[Black "Cal"]
[WhiteElo "1520"]
[BlackElo "1520"]
[Result "0-1"]
[Round "1"]
1.Ng1f3 d5
2.d4 h6
3.e3 a6
4.c4 dxc4
5.Bf1xc4 Ng8f6
6.Nf3e5 e6
7.O-O Bc8d7
8.Nb1c3 Bf8d6
9.f4 O-O
10.e4 Bd6xe5
11.fxe5 Nf6h7
12.d5 { time. }
0-1

[Event "Tourn. n8740"]
[Site "www.chess-mail.com"]
[Date "2016.06.02"]
[Round "1"]
[White "Azulmarino"]
[Black "Grimsby"]
[WhiteElo "1470"]
[BlackElo "1490"]
[Result "1-0"]
[Round "1"]
1.e4 c5
2.c4 Nb8c6
3.Ng1f3 d6
4.a3 Ng8f6
5.Nb1c3 g6
6.d3 Bf8g7
7.Bc1g5 O-O
8.Qd1c1 Bc8g4
9.Bg5h6 Bg4xf3
10.gxf3 Nc6d4
11.Nc3e2 Nd4xf3
12.Kd1 Nf3e5
13.Ne2f4 Ra8c8
{ time. }
1-0

[Event "Tourn. n8740"]
[Site "www.chess-mail.com"]
[Date "2016.06.02"]
[Round "1"]
[White "Grimsby"]
[Black "Bjonil60"]
[WhiteElo "1490"]
[BlackElo "1340"]
[Result "0-1"]
[Round "1"]
1.d4 d5
2.Ng1f3 e6
3.e3 Qd8e7
4.Bf1d3 Ng8f6
5.O-O a6
6.c4 c6
7.Nb1c3 g6
8.b3 b6
9.Bc1b2 Nb8d7
10.Qd1e2 b5
11.cxd5 cxd5
12.e4 dxe4
13.Nc3xe4 h6
14.Ra1c1 Bc8b7
15.Ne4xf6 { time. }
0-1

[Event "Tourn. n8639"]
[Site "www.chess-mail.com"]
[Date "2016.06.02"]
[Round "1"]
[White "Libiesse"]
[Black "Scasan55"]
[WhiteElo "2050"]
[BlackElo "2150"]
[Result "1-0"]
[Round "1"]
1.d4 Ng8f6
2.c4 e6
3.Ng1f3 d5
4.Bc1g5 Bf8e7
5.Nb1c3 O-O
6.cxd5 Nf6xd5
7.Bg5xe7 Qd8xe7
8.Qd1b3 Nd5xc3
9.bxc3 a6
10.e3 b5
11.Bf1e2 Bc8b7
12.O-O Nb8d7
13.Ra1c1 Nd7f6
14.c4 c6
15.c5 a5
16.a4 b4
17.Nf3e5 Nf6d5
18.Ne5c4 Bb7a6
19.Rf1e1 Ba6xc4
20.Qb3xc4 Rf8b8
21.Be2f3 Rb8b7
22.Bf3xd5 exd5
23.Qc4d3 Ra8b8
24.Qd3b3 Qe7e4
25.f3 Qe4f5
26.Re1e2 Rb7e7
27.Rc1e1 Rb8e8
28.Kf2 Qf5h5
29.Qb3d3 Qh5xh2
30.Qd3a6 Qh2c7
31.Re1h1 Re7e6
32.Qa6d3 Re6g6
33.Rh1h3 Re8e6
34.Qd3a6 h6
35.Qa6d3 Re6e8
36.e4 dxe4
37.fxe4 Qc7f4
38.Rh3f3 Qf4h4
39.Kg1 Rg6e6
40.Qd3c4 Re6xe4
41.Qc4xf7 Kh7
42.Qf7f5 Kg8
43.Qf5f7 Kh8
{ time. }
1-0

[Event "Tourn. n8767"]
[Site "www.chess-mail.com"]
[Date "2016.06.02"]
[Round "1"]
[White "Cal"]
[Black "Grimsby"]
[WhiteElo "1560"]
[BlackElo "1520"]
[Result "1-0"]
[Round "1"]
1.c4 Ng8f6
2.Nb1c3 e5
3.e4 Nb8c6
4.a3 a6
5.h3 Nc6d4
6.d3 Bf8e7
7.Bc1g5 d6
8.b4 O-O
9.Bg5xf6 Be7xf6
10.Bf1e2 Rf8e8
11.Ng1f3 Nd4xf3
12.Be2xf3 c6
13.O-O Bc8e6
{ time. }
1-0

[Event "Tourn. n8788"]
[Site "www.chess-mail.com"]
[Date "2016.06.02"]
[Round "1"]
[White "Difficult"]
[Black "1xdia"]
[WhiteElo "1870"]
[BlackElo "2080"]
[Result "0-1"]
[Round "1"]
1.d4 Ng8f6
2.Ng1f3 d5
3.e3 Nb8c6
4.Bf1b5 Bc8d7
5.O-O a6
6.Bb5xc6 Bd7xc6
7.Nf3e5 e6
 { time }
0-1

[Event "Tourn. n8704"]
[Site "www.chess-mail.com"]
[Date "2016.06.02"]
[Round "1"]
[White "Milkyway"]
[Black "Seger"]
[WhiteElo "2269"]
[BlackElo "2730"]
[Result "0-1"]
[Round "1"]
1.d4 Ng8f6
2.Bc1f4 d5
3.e3 c5
4.c3 e6
5.Bf1b5 Nb8c6
6.Ng1f3 Qd8b6
7.Bb5xc6 bxc6
8.Qd1b3 Bc8a6
9.Qb3xb6 axb6
10.Nb1d2 Nf6d7
11.Nf3e5 Nd7b8
12.dxc5 f6
13.Ne5f3 e5
14.Bf4g3 Bf8xc5
15.Nd2b3 Bc5e7
16.Nb3d2 Nb8d7
17.a3 Nd7c5
18.O-O-O h5
19.h4 Kf7
20.Kb1 Ba6e2
21.Rd1e1 Be2d3
22.Ka1 Ra8a4
23.Re1c1 Rh8a8
24.Rh1e1 Ra4xa3
25.bxa3 Ra8xa3
{ resign }
0-1

[Event "Tourn. n8767"]
[Site "www.chess-mail.com"]
[Date "2016.06.02"]
[Round "1"]
[White "Gatrooper"]
[Black "Grimsby"]
[WhiteElo "1480"]
[BlackElo "1520"]
[Result "1-0"]
[Round "1"]
1.e4 e5
2.Nb1c3 Ng8f6
3.h3 Bf8b4
4.a3 Bb4xc3
5.dxc3 d5
6.exd5 Qd8xd5
7.Qd1xd5 Nf6xd5
8.Bf1c4 c6
9.Bc4xd5 cxd5
10.Ng1f3 Nb8c6
11.O-O O-O
12.Nf3g5 h6
{ time. }
1-0

[Event "Tourn. n8767"]
[Site "www.chess-mail.com"]
[Date "2016.06.02"]
[Round "1"]
[White "Grimsby"]
[Black "Hansen"]
[WhiteElo "1520"]
[BlackElo "1560"]
[Result "0-1"]
[Round "1"]
1.e4 e5
2.Bf1c4 c5
3.Nb1c3 Ng8f6
4.d3 g6
5.Ng1f3 h5
6.O-O Nb8c6
7.Bc1g5 Bf8e7
8.Bg5xf6 Be7xf6
9.Nc3d5 h4
10.h3 d6
11.Nd5xf6 { time. }
0-1

[Event "Tourn. n8775"]
[Site "www.chess-mail.com"]
[Date "2016.06.02"]
[Round "1"]
[White "Cal"]
[Black "Grimsby"]
[WhiteElo "1540"]
[BlackElo "1520"]
[Result "1-0"]
[Round "1"]
1.c4 c6
2.Nb1c3 d5
3.cxd5 cxd5
4.d4 Ng8f6
5.e3 Nb8c6
6.h3 a6
7.a3 g6
8.b4 Bf8g7
9.Ng1f3 O-O
10.Bf1d3 b5
{ time. }
1-0

[Event "Tourn. n8785"]
[Site "www.chess-mail.com"]
[Date "2016.06.02"]
[Round "1"]
[White "Raven16"]
[Black "Panham"]
[WhiteElo "2160"]
[BlackElo "2200"]
[Result "1-0"]
[Round "1"]
1.e4 c6
2.d4 d5
3.Nb1c3 dxe4
4.Nc3xe4 Bc8f5
5.Ne4g3 Bf5g6
6.h4 h6
7.h5 Bg6h7
8.Ng1f3 Nb8d7
9.Bf1d3 Bh7xd3
10.Qd1xd3 e6
11.O-O Ng8f6
12.c4 Qd8c7
13.Rf1e1 Bf8d6
14.d5 cxd5
15.cxd5 Nf6xd5
16.Qd3xd5 O-O-O
17.Qd5d4 Nd7b6
18.Qd4g4 Kb8
19.Bc1e3 Nb6d5
20.Ra1c1 Qc7e7
21.Qg4a4 Nd5b6
22.Be3xb6 axb6
23.Ng3f5 Qe7f8
24.Nf5xd6 Qf8xd6
25.Nf3e5 Qd6e7
26.Qa4f4 Ka8
27.Ne5xf7 { resign }
1-0

[Event "Tourn. n8711"]
[Site "www.chess-mail.com"]
[Date "2016.06.02"]
[Round "1"]
[White "Snickers"]
[Black "Faerieking"]
[WhiteElo "2099"]
[BlackElo "2230"]
[Result "0-1"]
[Round "1"]
1.e4 c5
2.Ng1f3 d6
3.Bf1b5 Bc8d7
4.c4 a6
5.Bb5xd7 Qd8xd7
6.Nb1c3 e6
7.O-O Bf8e7
8.d4 cxd4
9.Nf3xd4 Ng8f6
10.Qd1e2 O-O
11.Rf1d1 Nb8c6
12.Bc1e3 Ra8c8
13.b3 Rf8d8
14.h3 h6
15.Ra1c1 Nc6e5
16.f4 Ne5g6
17.Qe2f3 Qd7c7
18.g4 b6
19.Be3f2 Qc7b7
20.Kg2 Kh7
21.h4 d5
22.exd5 exd5
23.cxd5 Nf6xd5
24.Nc3xd5 Qb7xd5
25.Rc1xc8 Rd8xc8
26.f5 Qd5xf3
27.Kxf3 Ng6e5
28.Kf4 Be7d6
29.Ke4 Ne5xg4
30.Bf2e3 Rc8e8
{ resign }
0-1

[Event "Tourn. n8656"]
[Site "www.chess-mail.com"]
[Date "2016.06.02"]
[Round "1"]
[White "Squimichele"]
[Black "Greghghs"]
[WhiteElo "2540"]
[BlackElo "2310"]
[Result "1-0"]
[Round "1"]
1.d4 b6
2.e4 Bc8b7
3.Bf1d3 e6
4.Ng1f3 c5
5.c3 Ng8f6
6.Qd1e2 Bf8e7
7.O-O d5
8.e5 Nf6d7
9.Bc1e3 Nb8c6
10.a3 O-O
11.b4 c4
12.Bd3c2 Rf8e8
13.a4 Nd7f8
14.Nb1a3 a5
15.b5 Nc6b8
16.Nf3d2 f5
17.g4 Bb7c8
18.gxf5 exf5
19.Kh1 Bc8e6
20.Rf1g1 Nf8g6
21.Qe2h5 Be7xa3
22.Ra1xa3 Qd8h4
23.Qh5xh4 Ng6xh4
24.Be3g5 Nh4g6
25.h4 Nb8d7
26.h5 Ng6f8
27.Kh2 Kh8
28.h6 g6
29.Bc2d1 Be6f7
30.Bd1f3 Ra8a7
31.Bg5h4 Nd7b8
32.Nd2f1 Ra7d7
33.Nf1g3 { resign }
1-0

[Event "Tourn. n8738"]
[Site "www.chess-mail.com"]
[Date "2016.06.02"]
[Round "1"]
[White "Julian"]
[Black "Genius7"]
[WhiteElo "2100"]
[BlackElo "1890"]
[Result "1-0"]
[Round "1"]
1.e4 e5
2.Nb1c3 Ng8f6
3.g3 Bf8c5
4.d3 d5
5.exd5 Nf6xd5
6.Bf1g2 Nd5xc3
7.bxc3 O-O
8.Ng1f3 Nb8c6
9.O-O f6
10.Bc1e3 Qd8e7
11.Be3xc5 Qe7xc5
12.Qd1d2 Bc8g4
13.d4 exd4
14.cxd4 Qc5d6
15.d5 Bg4xf3
16.Bg2xf3 Nc6e5
17.Bf3g2 Ra8d8
18.Rf1d1 a6
19.Ra1b1 b5
20.a4 Ne5c4
21.Qd2c3 Rd8b8
22.axb5 axb5
23.Rd1d4 Qd6e5
24.Qc3d3 Rf8e8
{ time. }
1-0

[Event "Tourn. n8803"]
[Site "www.chess-mail.com"]
[Date "2016.06.02"]
[Round "1"]
[White "Paaliaq"]
[Black "Faerieking"]
[WhiteElo "2490"]
[BlackElo "2290"]
[Result "1-0"]
[Round "1"]
1.d4 Ng8f6
2.c4 e6
3.Ng1f3 Bf8b4
4.Nb1d2 O-O
5.a3 Bb4e7
6.e4 d5
7.e5 Nf6d7
8.Bf1d3 c5
9.h4 Nb8c6
10.Bd3xh7 Kh8
11.Bh7b1 f6
12.Nf3g5 fxg5
13.Qd1h5 Kg8
14.Qh5h7 { resign }
1-0

[Event "Tourn. n8747"]
[Site "www.chess-mail.com"]
[Date "2016.06.02"]
[Round "1"]
[White "Difficult"]
[Black "Koumaak"]
[WhiteElo "1820"]
[BlackElo "1760"]
[Result "0-1"]
[Round "1"]
1.c4 d5
2.cxd5 Qd8xd5
3.Nb1c3 Qd5c6
4.d4 h6
5.e4 a6
6.d5 Qc6g6
7.Ng1f3 e6
8.Nf3e5 Qg6f6
9.Ne5g4 Qf6d8
10.dxe6 Qd8xd1
11.Kxd1 Bc8xe6
12.Bf1e2 Bf8c5
13.h3 Be6xg4
14.Be2xg4 Bc5xf2
15.Bc1f4 Bf2b6
16.Nc3d5 h5
17.Bg4f3 Ng8e7
18.Nd5xb6 cxb6
19.Ke2 g6
 { time }
0-1

[Event "Match"]
[Site "www.echecsemail.com"]
[Date "2016.06.02"]
[Round "1"]
[White "Gambitplayer"]
[Black "Hundegana"]
[WhiteElo "1710"]
[BlackElo "1940"]
[Result "0-1"]
[Round "1"]
1.Nb1c3 f5
2.d4 g6
3.e4 d6
4.h4 Ng8f6
5.Bf1d3 Bf8g7
6.exf5 Bc8xf5
7.Bd3xf5 gxf5
8.Bc1g5 Nb8d7
9.Qd1e2 O-O
10.O-O-O h6
11.Bg5xf6 Nd7xf6
12.Ng1f3 e6
13.Qe2xe6 Kh8
14.Qe6xf5 c6
15.Qf5h3 a5
16.Rh1e1 b5
17.Nc3e4 Nf6xe4
18.Re1xe4 d5
19.Re4e6 Ra8a6
20.Rd1e1 a4
 { time }
0-1

[Event "Match"]
[Site "www.echecsemail.com"]
[Date "2016.06.02"]
[Round "1"]
[White "Fangshuo"]
[Black "Masterchess"]
[WhiteElo "2070"]
[BlackElo "1750"]
[Result "1-0"]
[Round "1"]
1.e4 e5
2.Ng1f3 d6
3.d4 exd4
4.Nf3xd4 Ng8f6
5.Nb1c3 Bf8e7
6.Bf1c4 O-O
7.O-O a6
8.f4 Nf6xe4
9.Nc3xe4 d5
10.Bc4d3 dxe4
11.Bd3xe4 Be7c5
12.c3 Rf8e8
13.Be4xh7 Kxh7
14.Qd1h5 Kg8
15.Qh5xc5 b6
16.Qc5h5 Bc8b7
17.f5 Qd8d5
18.Nd4f3 Nb8d7
19.Rf1f2 Nd7f6
20.Qh5h4 Ra8d8
21.Bc1g5 Qd5xf5
22.Bg5xf6 Qf5xf6
23.Nf3g5 Qf6g6
24.Ng5xf7 Rd8d5
25.Qh4h8 { resign }
1-0

[Event "Match"]
[Site "www.echecsemail.com"]
[Date "2016.06.02"]
[Round "1"]
[White "Kevinking"]
[Black "Blackpool"]
[WhiteElo "1870"]
[BlackElo "1740"]
[Result "1-0"]
[Round "1"]
1.f4 g6
2.Ng1f3 Bf8g7
3.d4 d6
4.e3 Ng8f6
5.Bf1e2 O-O
6.O-O Nb8d7
7.Be2d3 c5
8.b3 b6
9.Qd1e2 Bc8b7
10.Bc1b2 a6
11.Nb1d2 Qd8c7
12.Ra1b1 e6
13.Qe2f2 Nf6g4
14.Qf2e2 d5
15.Nf3e5 Ng4xe5
16.fxe5 cxd4
{ time. }
1-0

[Event "Match"]
[Site "www.echecsemail.com"]
[Date "2016.06.02"]
[Round "1"]
[White "Bojan"]
[Black "Ssharp"]
[WhiteElo "1950"]
[BlackElo "2270"]
[Result "1/2-1/2"]
[Round "1"]
1.c4 c5
2.b3 Nb8c6
3.e3 g6
4.Bc1b2 Ng8f6
5.Ng1e2 Bf8g7
6.Ne2g3 d6
7.Ng3e4 e5
8.Ne4xf6 Bg7xf6
9.Bf1e2 Bf6g7
10.Nb1a3 O-O
11.Be2g4 f5
12.Bg4e2 a6
13.Na3c2 Qd8g5
14.g3 Bc8e6
15.h4 Qg5e7
16.d3 d5
17.Qd1d2 b5
18.cxb5 axb5
19.a3 Ra8d8
20.f3 Bg7h6
21.f4 exf4
22.exf4 Bh6g7
23.Bb2xg7 Kxg7
24.h5 c4
25.bxc4 dxc4
26.hxg6 hxg6
27.Qd2c3 Qe7f6
28.Qc3xf6 Kxf6
29.dxc4 Be6xc4
30.Ra1d1 Rd8xd1
31.Be2xd1 Rf8e8
32.Kd2 Re8d8
33.Kc1 Bc4d5
34.Rh1h7 Bd5f7
35.Bd1e2 Rd8b8
36.Be2f3 Rb8b6
37.Nc2e3 Nc6d4
38.Ne3d5 Bf7xd5
39.Bf3xd5 Nd4e6
40.Kb2 Rb6d6
41.Bd5xe6 Kxe6
42.Kc3 Rd6b6
43.Rh7h8 Kd5
44.Rh8e8 Kd6
45.Re8e5 Rb6c6
46.Kb4 Rc6c4
47.Kb3 Rc4c5
48.Re5e8 Rc5c6
{ draw }
1/2-1/2

[Event "Match"]
[Site "www.echecsemail.com"]
[Date "2016.06.02"]
[Round "1"]
[White "Karlgrocer"]
[Black "Difficult"]
[WhiteElo "2050"]
[BlackElo "1890"]
[Result "1-0"]
[Round "1"]
1.Ng1f3 d5
2.e3 c5
3.Bf1b5 Bc8d7
4.Bb5xd7 Qd8xd7
5.O-O Nb8c6
6.a3 Ng8f6
7.c3 e6
8.d4 Bf8e7
9.b4 cxd4
10.cxd4 O-O
11.Nb1d2 a6
12.Bc1b2 Ra8c8
13.Nd2b3 Nf6e4
14.Nb3c5 Be7xc5
15.dxc5 Rf8d8
16.Qd1c2 h6
17.Nf3d2 Ne4xd2
18.Qc2xd2 e5
19.Rf1d1 Qd7e6
20.Qd2e2 Rd8e8
21.Rd1d2 e4
22.Ra1d1 Rc8d8
23.b5 axb5
24.Qe2xb5 Rd8d7
25.g3 Re8d8
26.Qb5b6 Qe6g6
27.Bb2c3 h5
28.Qb6b2 h4
29.Rd1f1 h3
30.f4 f5
31.Rf1d1 Qg6g4
32.Qb2b3 Qg4g6
33.Qb3b2 Qg6f7
34.a4 Qf7e7
35.Qb2b5  { time }
1-0

[Event "Match"]
[Site "www.echecsemail.com"]
[Date "2016.06.02"]
[Round "1"]
[White "Geodad5"]
[Black "Milkyway"]
[WhiteElo "2140"]
[BlackElo "2269"]
[Result "1/2-1/2"]
[Round "1"]
1.e4 e6
2.d4 d5
3.exd5 exd5
4.Ng1f3 Bf8d6
5.Bf1e2 Ng8f6
6.O-O O-O
7.Nb1c3 c6
8.h3 Nb8d7
9.Bc1e3 Rf8e8
10.Be2d3 Qd8c7
11.Nf3d2 Bd6f4
12.Be3xf4 Qc7xf4
13.Rf1e1 Re8xe1
14.Qd1xe1 Nd7f8
15.Qe1e2 Qf4xd4
16.Ra1e1 Bc8e6
17.Nd2b3 Qd4b6
18.Qe2f3 Nf8d7
19.Qf3g3 Nd7c5
20.Nb3xc5 Qb6xc5
21.Kf1 Ra8d8
22.Qg3c7 Qc5b6
23.Qc7e7 Rd8d7
24.Qe7a3 a6
25.b3 g6
26.Qa3b2 Nf6h5
27.Qb2c1 Qb6d4
28.Nc3e2 Qd4f6
29.a4 c5
30.g4 Qf6f3
31.Qc1e3 Qf3xe3
32.fxe3 Nh5g7
33.e4 dxe4
34.Bd3xe4 f5
35.gxf5 Be6xf5
36.Be4xf5 Ng7xf5
37.Ne2f4 Kf7
38.Kf2 Rd7d2
39.Re1e2 Rd2xe2
{ draw }
1/2-1/2

[Event "Match"]
[Site "www.echecsemail.com"]
[Date "2016.06.02"]
[Round "1"]
[White "Gambitchess"]
[Black "Ditto"]
[WhiteElo "1650"]
[BlackElo "1590"]
[Result "0-1"]
[Round "1"]
1.d4 d5
2.c4 Ng8f6
3.cxd5 Nf6xd5
4.Ng1f3 Bc8g4
5.Nb1d2 e6
6.h3 Bg4f5
7.e4 Bf5xe4
8.Nd2xe4 Bf8b4
9.Bc1d2 Qd8e7
10.a3 Bb4d6
11.Bf1d3 O-O
12.O-O Nb8d7
13.Ne4xd6 Qe7xd6
14.Ra1c1 Nd7f6
15.Nf3e5 Nf6e8
16.Qd1c2 Ne8f6
 { time }
0-1

[Event "Match"]
[Site "www.echecsemail.com"]
[Date "2016.06.02"]
[Round "1"]
[White "Micheles"]
[Black "Milkyway"]
[WhiteElo "2510"]
[BlackElo "1809"]
[Result "1-0"]
[Round "1"]
1.d4 c5
2.Ng1f3 e6
3.e3 d5
4.c4 Ng8f6
5.Nb1c3 Nb8c6
6.cxd5 exd5
7.Bf1e2 Bf8e7
8.O-O O-O
9.dxc5 Be7xc5
10.b3 d4
11.exd4 Nc6xd4
12.Nf3xd4 Qd8xd4
13.Bc1b2 Qd4xd1
14.Ra1xd1 Bc8e6
15.Be2f3 Ra8b8
16.h3 b6
17.Nc3b5 a5
18.Nb5c7 Be6c8
19.Bb2xf6 gxf6
20.Rf1e1 Bc8f5
21.Nc7a6 Rb8c8
22.Bf3b7 Rc8d8
23.Rd1xd8 Rf8xd8
24.Na6xc5 bxc5
25.Re1c1 Rd8d2
26.Rc1xc5 Bf5b1
27.a4 Rd2b2
28.Bb7d5 Bb1c2
29.Rc5xa5 Bc2xb3
30.Ra5b5 { resign }
1-0

[Event "Match"]
[Site "www.echecsemail.com"]
[Date "2016.06.02"]
[Round "1"]
[White "Pinehill"]
[Black "Leeds"]
[WhiteElo "2120"]
[BlackElo "1750"]
[Result "1-0"]
[Round "1"]
1.e4 b6
2.d4 Bc8b7
3.Bf1d3 g6
4.Ng1f3 Bf8g7
5.c3 e6
6.O-O Ng8e7
7.Rf1e1 O-O
8.Bc1f4 d5
9.e5 Nb8d7
10.Nb1d2 c5
11.Nd2f1 Ne7c6
12.Bd3b5 a6
13.Bb5xc6 Bb7xc6
14.Nf1e3 Bc6b7
15.Qd1d2 Qd8c7
16.Ne3g4 Ra8c8
17.Ra1c1 cxd4
18.cxd4 Qc7b8
19.Bf4h6 Rc8xc1
20.Re1xc1 Rf8c8
21.Rc1xc8 Qb8xc8
22.Bh6xg7 Kxg7
23.Qd2h6 Kh8
24.h4 Qc8f8
25.Qh6xf8 Nd7xf8
26.Ng4f6 Kg7
27.h5 b5
{ time. }
1-0

[Event "1/64 Finale"]
[Site "www.chess-mail.com"]
[Date "2016.06.02"]
[Round "1"]
[White "Genius3"]
[Black "Sik"]
[WhiteElo "1680"]
[BlackElo "1680"]
[Result "0-1"]
[Round "1"]
1.d4 d5
2.Ng1f3 Nb8c6
3.Bc1f4 Ng8f6
4.e3 Bc8f5
5.Bf1b5 a6
6.Bb5xc6 bxc6
7.Nb1d2 e6
8.O-O Nf6h5
9.Nf3e5 Nh5xf4
10.exf4 c5
11.c3 Bf8d6
12.dxc5 Bd6xc5
13.Qd1a4 Kf8
14.Nd2b3 Bc5d6
15.Rf1e1 Bd6xe5
16.Re1xe5 f6
17.Qa4b4 Qd8e7
18.Qb4xe7 Kxe7
19.Re5e2 Kd6
20.h3 Ra8b8
21.Nb3d4 Rh8e8
22.Nd4xf5 exf5
23.Re2xe8 Rb8xe8
24.Kf1 Kc5
25.Ra1d1 c6
26.g3 Kc4
27.Rd1d4 Kc5
28.Rd4d2 Re8e4
29.Rd2e2 Kc4
30.f3 Re4xe2
31.Kxe2 c5
32.Kd2 d4
 { time }
0-1

[Event "1/128 Finale"]
[Site "www.chess-mail.com"]
[Date "2016.06.02"]
[Round "1"]
[White "Snoopy"]
[Black "Towerbridge"]
[WhiteElo "2319"]
[BlackElo "1550"]
[Result "1-0"]
[Round "1"]
1.b3 c5
2.Bc1b2 Nb8c6
3.e3 d5
4.Ng1f3 Ng8f6
5.Bf1b5 Bc8d7
6.Qd1e2 e6
7.Nf3e5 Nc6xe5
8.Bb2xe5 Bf8e7
9.O-O O-O
10.Nb1c3 a6
11.Bb5xd7 Qd8xd7
12.Nc3a4 Qd7c6
13.c4 b5
14.cxd5 exd5
15.Na4b2 Qc6e6
16.d4 c4
17.bxc4 dxc4
18.f4 Qe6f5
19.Nb2d1 Qf5e4
20.Nd1c3 Qe4b7
21.Qe2f3 Qb7xf3
22.Rf1xf3 Rf8d8
23.a3 Nf6d5
24.Nc3xd5  { time }
1-0

[Event "1/128 Finale"]
[Site "www.chess-mail.com"]
[Date "2016.06.02"]
[Round "1"]
[White "Oroden"]
[Black "Masterchess"]
[WhiteElo "1809"]
[BlackElo "1800"]
[Result "1-0"]
[Round "1"]
1.e4 e6
2.d4 d5
3.Nb1d2 Bf8e7
4.Ng1f3 Ng8f6
5.Bf1d3 dxe4
6.Nd2xe4 Nb8d7
7.Qd1e2 Nf6xe4
8.Bd3xe4 Nd7f6
9.Be4xb7 Ra8b8
10.Bb7c6 Bc8d7
11.Nf3e5 Be7d6
12.Bc6xd7 Nf6xd7
{ time. }
1-0

[Event "Fast Game"]
[Site "www.echecsemail.com"]
[Date "2016.06.02"]
[Round "1"]
[White "Jhzes"]
[Black "Cal"]
[WhiteElo "1809"]
[BlackElo "1640"]
[Result "1-0"]
[Round "1"]
1.d4 d5
2.Nb1c3 e6
3.Bc1f4 Bf8b4
4.Qd1d3 Qd8f6
5.Bf4e5 Nb8c6
6.Be5xf6 Ng8xf6
7.O-O-O Bb4xc3
8.Qd3xc3 a6
9.Ng1f3 b5
10.Qc3xc6 { resign }
1-0

[Event "Tourn. n8663"]
[Site "www.chess-mail.com"]
[Date "2016.06.03"]
[Round "1"]
[White "Difficult"]
[Black "Roque1"]
[WhiteElo "1890"]
[BlackElo "1990"]
[Result "1-0"]
[Round "1"]
1.c4 e6
2.Nb1c3 Ng8f6
3.d4 g6
4.e4 d6
5.Bf1e2 Bf8e7
6.Ng1f3 Bc8d7
7.O-O e5
8.dxe5 dxe5
9.Qd1c2 Nb8c6
10.Bc1h6 Nf6g4
11.Bh6d2 Nc6b4
12.Qc2b3 Bd7c6
13.Nc3d5 Bc6xd5
14.cxd5 Qd8d6
15.a3 Nb4xd5
16.exd5 O-O-O
17.Bd2b4 Qd6b6
18.Qb3c4 Ng4xf2
19.Rf1xf2 Be7f6
20.Ra1c1 e4
21.Qc4xe4 Rh8e8
22.Qe4d3 Re8e3
23.Qd3d2 Rd8e8
24.Bb4c5 Bf6c3
25.Bc5xb6 Bc3xd2
26.Rc1xc7 Kb8
27.Bb6xe3 Bd2xe3
28.Rc7xf7 Be3b6
29.Kf1 Bb6xf2
30.Kxf2 Kc8
31.d6 h5
32.d7 { time. }
1-0

[Event "Tourn. n8659"]
[Site "www.chess-mail.com"]
[Date "2016.06.03"]
[Round "1"]
[White "Difficult"]
[Black "Piekki"]
[WhiteElo "1890"]
[BlackElo "1980"]
[Result "0-1"]
[Round "1"]
1.d4 Ng8f6
2.Ng1f3 b6
3.g3 Bc8b7
4.Bf1g2 g6
5.O-O Bf8g7
6.c4 O-O
7.Nb1c3 d6
8.d5 Nb8d7
9.Qd1c2 Bb7a6
10.Nf3d2 Nd7e5
11.b3 c6
12.dxc6 Ra8c8
13.Bc1b2 Ne5xc6
14.Nd2f3 Qd8c7
15.Ra1c1 Rf8d8
16.Rf1d1 Nc6b4
17.Qc2b1 Ba6b7
18.a3 Nb4a6
19.Nc3b5 Qc7b8
20.b4 Na6c7
21.Nb5d4 Qb8a8
22.Nf3h4 a6
23.Bg2xb7 Qa8xb7
24.Nh4f3 Bg7h6
25.Rc1c2 e5
26.Nd4b3 Nf6e4
27.Nf3d2 Ne4g5
28.f3 Nc7e6
29.Kg2 e4
30.h4 exf3
31.Nd2xf3 Ng5e4
32.Bb2c1 Bh6g7
33.Rc2d2 { time. }
0-1